01110nam a2200277Ia 4500003000900000008004100009020001800050040001600068080002200084111009200106245018300198260004300381300001600424650001800440650004100458650002200499650003400521650004400555700002900599700003300628700003600661710001500697942000700712999001500719952009800734IN-BaIIA211028s9999 xx 000 0 eng d a951-45-3569-3 cIIA Library a520.1(082.2)bNOR aNordic Astronomy Meetingn111thcUniversity of Helsinki, Helsinkid1984 Sep. 3-5914447 0aNordic Astronomybproceedings of the nordic Astronomy meeting, held in University of Helsinki, Helsinki, 3-5 Sep 1984cedited by K J Donner, Pasinetti, L. E and Davis A. G Philip aHelsinkibUniversity of Helsinkic1984 aviii, 243p. aAstronomy980 aAstronomy and Astrophysics thesaurus aAstrophysics9794 aGalaxies -- Congresses914448 aStars -- Evolution -- Congresses914449 aDonner, K J., ed.914450 aPasinetti, L. E., ed.914451 aPhilip, Davis A. G., ed.910534 aIAU914452 cBK c8610d8610 00104070aBANbBANcGENd1986-02-13l0o520.1(082.2)/ NORp9482r2021-11-05w1986-02-13yBK